000 00299pam a2200109a 44500
008 230405s2004 xxu||||| |||| 00| 0 eng d
041 _aENG
100 _aDesrosier Ed.
245 _aThe Technology of food preservation
260 _anew delhi
_bC.B.S Publishers & Distributers
_c2004
906 _a15588
999 _c306087
_d306087